| 000 | 00700pam a2200205 a 4500 | ||
|---|---|---|---|
| 999 |
_c3965 _d3965 |
||
| 020 | _a0393973646 | ||
| 022 | _a9780393973648 | ||
| 050 | 0 | 0 |
_aBF121 _b.G58 |
| 100 | 1 | _aGleitman, Henry. | |
| 245 | 1 | 0 |
_aPsychology / _cHenry Gleitman, Alan J. Fridlund, Daniel Reisberg. |
| 250 | _a5th ed. | ||
| 260 |
_aNew York : _bW.W. Norton, _cc1999. |
||
| 300 |
_a1 v. (various pagings) : _bcol. ill. ; _c29 cm. |
||
| 500 | _aIncludes bibliographical references and index | ||
| 505 | _apt. 1. Action -- pt. 2. Cognition -- pt. 3. Social behavior -- pt. 4. Development -- pt. 5. Individual differences. | ||
| 650 | 0 | _aPsychology | |
| 700 | 1 | _aFridlund, Alan J. | |
| 700 | 1 | _aReisberg, Daniel. | |
| 942 | _cBK | ||